[Event "Lovsprings op 11th C"]
[Site "Ringsted"]
[Date "2000.04.28"]
[Round "5"]
[White "Jensen, Arne Skov"]
[Black "Carracher, Jim"]
[Result "1-0"]
[WhiteElo "1331"]
[BlackElo "1320"]
[PlyCount "95"]
[EventDate "2000.03.24"]
[EventType "swiss"]
[EventRounds "7"]
[EventCountry "DEN"]
[SourceTitle "EXT 2023"]
[Source "ChessBase"]
[SourceDate "2022.10.05"]
[SourceVersion "1"]
[SourceVersionDate "2022.10.05"]
[SourceQuality "1"]

1. c4 f5 2. Nf3 Nf6 3. Nc3 Nc6 4. d4 e6 5. Bg5 Be7 6. g3 h6 7. Bf4 g5 8. Be5 d6 9. Bxf6 Bxf6 10. e3 g4 11. Nd2 Bd7 12. Qb3 b6 13. Bg2 Na5 14. Qc2 Nc6 15. a3 e5 16. dxe5 Bxe5 17. 0-0 h5 18. Bxc6 Bxc6 19. Qxf5 Qf6 20. Qxf6 Bxf6 21. Rac1 0-0-0 22. Rc2 h4 23. Nd5 Be5 24. Ne7+ Kb7 25. Nxc6 Kxc6 26. Ne4 Rh5 27. Kg2 Rdh8 28. Rh1 d5 29. cxd5+ Kxd5 30. Nc3+ Ke6 31. Nb5 c5 32. Nxa7 h3+ 33. Kf1 Rd8 34. Ke2 Rf5 35. Rd1 Rdf8 36. Kf1 R8f7 37. Nb5 c4 38. Nc3 b5 39. Nxb5 Bxg3 40. Nd4+ Ke5 41. Nxf5 Rxf5 42. hxg3 Ke4 43. Rxc4+ Kf3 44. Rf4+ Rxf4 45. exf4 h2 46. Rd3+ Ke4 47. Re3+ Kf5 48. Kg2 1-0

[Event "Lovsprings op 11th C"]
[Site "Ringsted"]
[Date "2000.04.14"]
[Round "4"]
[White "Carracher, Jim"]
[Black "Jorgensen, Morten"]
[Result "1/2-1/2"]
[WhiteElo "1320"]
[BlackElo "1519"]
[PlyCount "130"]
[EventDate "2000.03.24"]
[EventType "swiss"]
[EventRounds "7"]
[EventCountry "DEN"]
[SourceTitle "EXT 2023"]
[Source "ChessBase"]
[SourceDate "2022.10.05"]
[SourceVersion "1"]
[SourceVersionDate "2022.10.05"]
[SourceQuality "1"]

1. e4 c5 2. Nf3 d6 3. Bc4 Nc6 4. Ng5 Ne5 5. Bb3 e6 6. d3 Nf6 7. f4 Nc6 8. 0-0 h6 9. Nf3 Qb6 10. Kh1 Bd7 11. Na3 Be7 12. e5 Ng4 13. h3 Nf2+ 14. Rxf2 c4 15. Qe1 cxb3 16. Be3 Qd8 17. axb3 dxe5 18. fxe5 Nb4 19. Nc4 b6 20. Nd4 0-0 21. Nf3 Bc6 22. Qd2 Qd7 23. Bxh6 Nxc2 24. Bxg7 Kxg7 25. Qxc2 Rh8 26. Qd2 Rag8 27. Kh2 Kf8 28. Qe3 Bc5 29. d4 Be7 30. Raf1 Rg7 31. Nd6 Bxd6 32. exd6 Qxd6+ 33. Ne5 f5 34. Qf4 Qd5 35. Nxc6 Qxc6 36. Qb8+ Qe8 37. Qxe8+ Kxe8 38. d5 exd5 39. Rxf5 Rd7 40. Rd1 d4 41. g4 d3 42. Rd2 Kd8 43. Rf3 Re8 44. Kg3 Re2 45. Rdxd3 Rxb2 46. Rxd7+ Kxd7 47. Rf7+ Ke6 48. Rxa7 Rxb3+ 49. Kh4 b5 50. Rb7 b4 51. Kg5 Rxh3 52. Rxb4 Rh8 53. Re4+ Kf7 54. Kf5 Kg7 55. Re6 Rf8+ 56. Ke5 Kg8 57. Re7 Kh8 58. g5 Kg8 59. Ke6 Rf1 60. Ra7 Kf8 61. Ra5 Kg7 62. Ra4 Kg6 63. Rg4 Rh1 64. Ke5 Rf1 65. Ke4 Rf5 1/2-1/2

[Event "Lovsprings op 11th C"]
[Site "Ringsted"]
[Date "2000.03.24"]
[Round "1"]
[White "Jensen, Dan Bronnum"]
[Black "Carracher, Jim"]
[Result "1-0"]
[WhiteElo "1501"]
[BlackElo "1320"]
[PlyCount "69"]
[EventDate "2000.03.24"]
[EventType "swiss"]
[EventRounds "7"]
[EventCountry "DEN"]
[SourceTitle "EXT 2023"]
[Source "ChessBase"]
[SourceDate "2022.10.05"]
[SourceVersion "1"]
[SourceVersionDate "2022.10.05"]
[SourceQuality "1"]

1. e4 e6 2. d4 b6 3. d5 e5 4. Nf3 d6 5. Bb5+ Bd7 6. Bd3 g6 7. 0-0 Bg7 8. Bg5 Ne7 9. Nc3 h6 10. Be3 0-0 11. Qd2 f5 12. Bxh6 fxe4 13. Bxe4 Bf5 14. Bxg7 Kxg7 15. Ng5 Qc8 16. Bxf5 Rxf5 17. Nce4 Qh8 18. Ng3 Rf6 19. Ne6+ Rxe6 20. dxe6 Nbc6 21. Qc3 Qh4 22. Rae1 Rh8 23. h3 Qf6 24. Qb3 Nd4 25. Qc3 Nd5 26. Qd2 Nf4 27. Qc3 Nxh3+ 28. gxh3 Rxh3 29. Kg2 Qxe6 30. Qxd4 Rxg3+ 31. fxg3 Qd7 32. Qf2 Qc6+ 33. Kh2 Qe8 34. Qf6+ Kg8 35. Re4 1-0